000 004910000a22001810004500
003 MACL
005 20151220152139.0
008 151220b xxu||||| |||| 00| 0 eng d
040 _aMACL
_cMACL
041 _aEnglish
082 _a770/FRE
100 _aFreeman, Michael
_921651
245 _aCreative Photography
_bThe New 35mm Handbook
260 _bHeadline Book Publishing
_c1993
_aHong Kong
350 _a1589
650 _aPhotography & Photographys
_921580
942 _cBK
_k770/FRE
_2ddc
999 _c40276
_d40276